000 01638cam a2200337 a 4500
001 559587
003 OSt
005 20160303020002.0
008 880317s1986 enk b 001 0 eng c
010 _a 88672358
020 _a0333369092
020 _a0333369106 (pbk.)
040 _aMH
_cMH
_dDLC
043 _aaw-----
_aew-----
050 1 4 _aHQ1233
_b.C37x 1986
245 0 0 _aCaught up in conflict :
_bwomen's responses to political strife /
_cedited by Rosemary Ridd and Helen Callaway.
260 _aHoundmills, Basingstoke, Hampshire :
_bMacmillan Education in association with the Oxford University Women's Studies Committee,
_c1986.
300 _axii, 246 p. ;
_c23 cm.
490 1 _aWomen in society
504 _aIncludes bibliographies and index.
505 0 _aPowers of the powerless / Rosemary Ridd -- War in Cyprus / Maria Roussou -- Women, the damned of the Iranian Revolution / Homa Nategh -- Public protest, domestic acquiescence / Lynda Egerton -- The coal war / Moiram Ali -- Between two fires / Rosemary Sayigh and Julie Peteet -- Israeli kibbutz women / Alison M. Bowes -- Brittany / Maryon McDonald -- Refusing to be invisible / Clare Krojzl -- Survival and support / Helen Callaway.
650 0 _aWomen and war
_zMiddle East.
_920713
650 0 _aSocial conflict
_zEurope.
_920714
650 0 _aWomen and war
_zEurope.
_920715
650 0 _aWomen
_xSocial conditions.
_920716
700 1 _aRidd, Rosemary.
_920717
700 1 _aCallaway, Helen.
_920718
830 0 _aWomen in society (Houndmills, Basingstoke, England)
_920719
906 _a7
_bcbc
_corignew
_du
_encip
_f19
_gy-gencatlg
942 _2lcc
_cBK
_03
999 _c56504
_d56478